| 000 | 01282cam a22002054a 4500 | ||
|---|---|---|---|
| 005 | 20250605164056.0 | ||
| 008 | 250528s ||||||||||||||||||||||||d | ||
| 035 | _a17473 | ||
| 020 | _a1853339644 | ||
| 040 |
_aGR-AtMCL _bgre _dGR-AtMCL _eAACR2 |
||
| 245 | 1 | _aEvidence in International Arbitration Proceedings / The International Association of Young Lawyers | |
| 260 | _c1994 | ||
| 300 | _a314 | ||
| 520 | _aThe book contains a detailed analysis of the legal rules pertaining to the taking of evidence in both civil and common law systems, and highly practical contributions relating to deposition skills. Preface, General Reports, General Synthesis Report, Overview: The Common Law Systems, The Administration of Evidence in Countries of Civil Law, How to Defend a US-Style Deposition, Common Outline of National Reports, Detailed Questionnaire for the National Reports, National Reports, Austria, Belgium, Brazil, Denmark, England and Wales, Finland, France, Germany, Republic of Ireland, Italy, Luxembourg, Mexico, The Netherlands, Peru, Scotland, Spain, Sweden, Switzerland, Tunisia, United States, Uruguay, Index. | ||
| 700 | 1 |
_aEijsvoogel Peter V _93608 |
|
| 700 | 1 |
_aGraham & Trotman / Martinus Nijhoff _93609 |
|
| 942 | _cBK | ||
| 999 |
_c2883 _d2883 |
||